Normal view
MARC view
Entry Personal Name
001 - CONTROL NUMBER
- control field: 77300
003 - CONTROL NUMBER IDENTIFIER
- control field: dpl
005 - DATE AND TIME OF LATEST TRANSACTION
- control field: 20250131143922.0
008 - FIXED-LENGTH DATA ELEMENTS
- fixed length control field: 250131|| aca||aabn | a|a d
040 ## - CATALOGING SOURCE
- Original cataloging agency: dpl
- Transcribing agency: dpl
100 ## - HEADING--PERSONAL NAME
- Personal name: देव, प्रकाश
670 ## - SOURCE DATA FOUND
- Source citation: Work cat.: (dpl)208899: देव, प्रकाश , ई-एकलव्य /, 2022
